[Event "ch-RUS Rapid 2017"]
[Site "Sochi RUS"]
[Date "2017.10.01"]
[Round "7.21"]
[White "Kozak, Alexander"]
[Black "Iljiushenok, Ilia"]
[Result "1-0"]
[WhiteTitle "FM"]
[BlackTitle "IM"]
[WhiteElo "2315"]
[BlackElo "2519"]
[WhiteFideId "4135881"]
[BlackFideId "24105074"]
[EventDate "2017.09.30"]

1. e4 e5 2. Nf3 Nc6 3. Bb5 Nf6 4. d3 Bc5 5. Bxc6 dxc6 6. h3 Be6 7. Qe2 Qd6 8.
Ng5 Nd7 9. Nd2 O-O-O 10. Nxe6 Qxe6 11. Nc4 g6 12. Be3 Bxe3 13. Qxe3 Kb8 14. O-O
f5 15. f4 exf4 16. Rxf4 Rhe8 17. Qf2 fxe4 18. Rxe4 Qd5 19. Rae1 Rf8 20. Qe3 Qf5
21. Re7 h5 22. Qg3 a6 23. Rg7 Rg8 24. Ree7 Rxg7 25. Rxg7 Rf8 26. Ne3 Qe6 27.
Rxg6 Qxa2 28. Rg7 Qe6 29. Nc4 Qf5 30. Kh2 Kc8 31. Rg5 Qf7 32. Ne5 Nxe5 33. Qxe5
h4 34. Rg4 Qf2 35. Qe7 Kb8 36. Rxh4 Rf7 37. Qe8+ Ka7 38. Rg4 Qf6 39. Qe3+ b6 40.
d4 Re7 41. Qf4 Qe6 42. c3 Qe2 43. Qf6 Re6 44. Qd8 a5 45. Qxc7+ Ka6 46. b3 Qe3
47. c4 a4 48. Rg7 Ka5 49. Qa7+ Kb4 50. Qxa4+ Kc3 51. Rg3 1-0

[Event "ch-RUS Rapid 2017"]
[Site "Sochi RUS"]
[Date "2017.10.01"]
[Round "7.22"]
[White "Yuffa, Daniil"]
[Black "Slavin, Alexey"]
[Result "1-0"]
[WhiteTitle "GM"]
[BlackTitle "IM"]
[WhiteElo "2527"]
[BlackElo "2364"]
[WhiteFideId "24131423"]
[BlackFideId "24104388"]
[EventDate "2017.09.30"]

1. d4 Nf6 2. c4 e6 3. g3 Bb4+ 4. Bd2 c5 5. Bxb4 cxb4 6. Bg2 O-O 7. e4 d6 8. Ne2
e5 9. O-O Bg4 10. f3 Be6 11. c5 dxc5 12. dxe5 Bc4 13. Nd2 Bxe2 14. Qxe2 Qd4+ 15.
Rf2 Qxb2 16. Rd1 Qxe5 17. f4 Qc7 18. e5 Nfd7 19. Ne4 Nc6 20. Rd6 Rad8 21. Qh5
Rfe8 22. Ng5 Nf8 23. Bd5 Re7 24. Rd2 g6 25. Qh6 Nd4 26. Nxh7 Rxd6 27. Nxf8 Rxe5
28. Nxg6 Nf3+ 29. Kf2 Rxg6 30. Qxg6+ Kf8 31. Qh6+ Kg8 32. Bxf3 Re6 33. Qg5+ Rg6
34. Qd8+ Qxd8 35. Rxd8+ Kg7 36. Bxb7 c4 37. Bd5 c3 38. Ke3 Rh6 39. Rd7 Rxh2 40.
Rxf7+ Kg6 41. Rxa7 Rd2 42. Be4+ Kf6 43. g4 Rh2 44. g5+ Ke6 45. f5+ Ke5 46. Ra5+
Kd6 47. Rd5+ Ke7 48. Re5+ Kd6 49. Re6+ Kc5 50. g6 Rxa2 51. g7 1-0

[Event "ch-RUS Rapid 2017"]
[Site "Sochi RUS"]
[Date "2017.10.01"]
[Round "7.23"]
[White "Moiseenko, Vadim"]
[Black "Ivlev, Aleksey"]
[Result "0-1"]
[WhiteTitle "IM"]
[BlackTitle "FM"]
[WhiteElo "2558"]
[BlackElo "2259"]
[WhiteFideId "4123700"]
[BlackFideId "24185949"]
[EventDate "2017.09.30"]

1. d4 Nf6 2. Bf4 c5 3. dxc5 Na6 4. Qd4 Qa5+ 5. c3 Qxc5 6. e3 Nh5 7. Bg3 Nxg3 8.
hxg3 Qxd4 9. exd4 Nc7 10. Nd2 e6 11. Bd3 h6 12. f4 b5 13. Ngf3 Bb7 14. Kf2 d6
15. g4 g6 16. Be4 Nd5 17. a4 bxa4 18. Rxa4 f5 19. gxf5 gxf5 20. Bxd5 Bxd5 21.
Re1 Rh7 22. Ra5 Re7 23. Nh4 Kd7 24. Rea1 Ke8 25. g3 Rf7 26. Ra6 Rb7 27. b4 Rc7
28. R6a3 Rac8 29. Rc1 Be7 30. Nhf3 Bd8 31. Nf1 Bxf3 32. Kxf3 Rc4 33. d5 Rxb4 34.
dxe6 Bb6 35. Rd1 Rbc4 36. Rd3 Ke7 37. Nd2 R4c7 38. c4 Kxe6 39. Ra1 h5 40. Rh1
Rh8 41. Re1+ Kd7 42. Rd1 Rh6 43. Rb1 Kc6 44. Rd5 Re7 45. Rb3 Rhe6 46. Kg2 Re3
47. Rxe3 Rxe3 48. Nf3 a5 49. Rxf5 a4 50. Rf8 Kb7 51. Rf7+ Ka6 52. Rf8 a3 53.
Ra8+ Ba7 54. Nd4 Kb7 55. Rxa7+ Kxa7 56. Nb5+ Kb6 57. Nxa3 Rxa3 58. Kh3 Kc5 59.
Kh4 Kxc4 0-1

[Event "ch-RUS Rapid 2017"]
[Site "Sochi RUS"]
[Date "2017.10.01"]
[Round "7.24"]
[White "Ivanov, Alexander Al."]
[Black "Potapov, Pavel"]
[Result "0-1"]
[WhiteTitle "GM"]
[BlackTitle "GM"]
[WhiteElo "2400"]
[BlackElo "2479"]
[WhiteFideId "4126360"]
[BlackFideId "4169786"]
[EventDate "2017.09.30"]

1. e4 c5 2. Nf3 Nc6 3. Bb5 g6 4. O-O Bg7 5. Re1 Nf6 6. Nc3 O-O 7. h3 d6 8. d4
cxd4 9. Nxd4 Nxd4 10. Qxd4 a6 11. Bf1 Bd7 12. a4 Bc6 13. Qb4 Rc8 14. a5 Nd7 15.
Na4 f5 16. exf5 Rxf5 17. Nb6 Nxb6 18. axb6 e5 19. Bxa6 Qf6 20. Re2 bxa6 21. b7
Rb8 22. Rxa6 Bxb7 23. Rxd6 Qf7 24. Rb6 Qd5 25. Qb3 Qxb3 26. Rxb3 Rf7 27. Bd2 Rd8
28. Bc3 e4 29. Bxg7 Kxg7 30. Kh2 Rd1 31. Kg3 g5 32. Rb6 h5 33. c4 Rc1 34. Rb5
Rxc4 35. Rxg5+ Kh6 36. Rb5 Rg7+ 37. Kh2 Bc6 38. Rb6 Rg6 39. b4 Rc3 40. b5 Bd5
41. Rxg6+ Kxg6 42. Rd2 Rd3 43. Rc2 Kf6 44. Rc8 Rb3 45. Rh8 Kg6 46. Rb8 Rb2 47.
Kg1 e3 48. fxe3 Rxg2+ 49. Kf1 Rb2 50. Kg1 Kg5 51. b6 Kh4 52. Rd8 Bf3 0-1

[Event "ch-RUS Rapid 2017"]
[Site "Sochi RUS"]
[Date "2017.10.01"]
[Round "7.25"]
[White "Palchun, Grigory"]
[Black "Lugovskoy, Maxim"]
[Result "1-0"]
[BlackTitle "GM"]
[WhiteElo "2441"]
[BlackElo "2474"]
[WhiteFideId "24147338"]
[BlackFideId "24126454"]
[EventDate "2017.09.30"]

1. d4 e6 2. Bf4 b6 3. e4 Bb7 4. Bd3 Nf6 5. Qe2 d5 6. e5 Nfd7 7. Nf3 c5 8. c3 Be7
9. Nbd2 Nc6 10. Rc1 cxd4 11. Nxd4 Nc5 12. Bb5 Rc8 13. b4 Nd7 14. Bxc6 Bxc6 15.
Qg4 g6 16. h4 Bb7 17. N2f3 h5 18. Qg3 Nf8 19. O-O Nh7 20. Bh6 Rg8 21. Qh3 Qd7
22. Rfd1 Ba6 23. a4 Bc4 24. b5 Ba3 25. Rc2 a6 26. Ra1 Be7 27. Rb2 a5 28. Nc6 Bc5
29. Nfd4 g5 30. hxg5 Nxg5 31. Qxh5 Ne4 32. Be3 Bf8 33. Ne2 Bg7 34. Bxb6 Rh8 35.
Qg4 Bh6 36. Bd4 Kf8 37. Nxa5 Rg8 38. Qh5 Rg6 39. Nxc4 dxc4 40. a5 Qd5 41. Qf3
Ke7 42. b6 Rcg8 43. Ng3 Rg4 44. b7 Rf4 45. Qe2 Nxg3 46. fxg3 Rxd4 47. cxd4 Qxd4+
48. Kf1 Be3 49. Qc2 Qxe5 50. Re1 Qf6+ 51. Ke2 Bd4 52. Rb5 Rd8 53. Rf1 Qh6 54.
Qe4 Bf6 55. Qf4 Qg6 56. Qxf6+ 1-0

[Event "ch-RUS Rapid 2017"]
[Site "Sochi RUS"]
[Date "2017.10.01"]
[Round "7.26"]
[White "Sharafiev, Azat"]
[Black "Nuristani, Iman"]
[Result "1-0"]
[WhiteTitle "IM"]
[WhiteElo "2433"]
[BlackElo "2058"]
[WhiteFideId "4186214"]
[BlackFideId "34126268"]
[EventDate "2017.09.30"]

1. Nf3 e6 2. g3 Nf6 3. Bg2 Be7 4. O-O d5 5. d3 O-O 6. Nbd2 c5 7. e4 dxe4 8. dxe4
Nc6 9. Qe2 Qc7 10. Nc4 b6 11. Bf4 Qb7 12. Nd6 Bxd6 13. Bxd6 Re8 14. e5 Nd5 15.
c4 Nde7 16. Ng5 Nf5 17. Qh5 h6 18. Nxf7 Qd7 19. g4 Nfd4 20. Be4 Qxf7 21. Bh7+
Kxh7 22. Qxf7 Ba6 23. b3 Ne2+ 24. Kg2 Ncd4 25. f4 b5 26. f5 bxc4 27. Qg6+ Kh8
28. f6 Bb7+ 29. Kh3 Rg8 30. f7 Nf3 31. fxg8=Q+ Rxg8 32. Rxf3 Bxf3 33. Qf7 Bd5
34. bxc4 Bxc4 35. g5 Bd3 36. Re1 Bf5+ 37. Kg2 Nf4+ 38. Kf3 Nd3 39. Rg1 hxg5 40.
Rxg5 g6 41. Ke3 c4 42. Be7 1-0

[Event "ch-RUS Rapid 2017"]
[Site "Sochi RUS"]
[Date "2017.10.01"]
[Round "7.27"]
[White "Pridorozhni, Aleksei"]
[Black "Savitskiy, Sergey"]
[Result "1-0"]
[WhiteTitle "GM"]
[BlackTitle "IM"]
[WhiteElo "2565"]
[BlackElo "2412"]
[WhiteFideId "4127870"]
[BlackFideId "24105660"]
[EventDate "2017.09.30"]

1. d4 Nf6 2. Bg5 Ne4 3. Bf4 d5 4. f3 Nf6 5. e3 e6 6. Bd3 Be7 7. g4 O-O 8. Ne2
Re8 9. c3 Nfd7 10. Nd2 Nc6 11. Qc2 Nf8 12. Bg3 e5 13. O-O-O exd4 14. exd4 Rb8
15. h3 b5 16. f4 b4 17. f5 bxc3 18. Qxc3 Nb4 19. Kb1 Bd6 20. Bf2 a5 21. Nc1 a4
22. Rhe1 Nxd3 23. Nxd3 a3 24. b3 Ba6 25. Nc5 Be2 26. Rc1 Nd7 27. Be3 Bb5 28. Nf3
c6 29. Qd2 Qc7 30. Nxd7 Qxd7 31. Ka1 Qc7 32. f6 Bg3 33. Rg1 gxf6 34. Ne5 Bxe5
35. dxe5 fxe5 36. Bc5 Re6 37. h4 f6 38. Qf2 Qg7 39. Bxa3 e4 40. Rg3 Rbe8 41. Bc5
e3 42. Bxe3 Re4 43. Rd1 c5 44. Bxc5 Re2 45. Qd4 Bc6 46. g5 f5 47. Qxg7+ Kxg7 48.
h5 Rc2 49. Bd4+ Kg8 50. g6 h6 51. Rf3 Bb5 52. Rf2 Rxf2 53. Bxf2 Be2 54. Rxd5
Bxh5 55. Rxf5 Bxg6 56. Rf6 Kh7 57. a4 Re2 58. a5 Bd3 59. Bd4 h5 60. a6 Re8 61.
a7 Be4 62. Kb2 Bg2 63. Rf2 Ba8 64. b4 Kg6 65. b5 h4 66. Rf6+ Kg5 67. Rb6 h3 68.
Bg1 Re1 69. Rb8 Rxg1 70. Rxa8 1-0

[Event "ch-RUS Rapid 2017"]
[Site "Sochi RUS"]
[Date "2017.10.01"]
[Round "7.28"]
[White "Vastrukhin, Oleg"]
[Black "Tekeyev, Zaur"]
[Result "0-1"]
[BlackTitle "FM"]
[WhiteElo "2386"]
[BlackElo "2380"]
[WhiteFideId "4192770"]
[BlackFideId "4199731"]
[EventDate "2017.09.30"]

1. Nf3 Nf6 2. g3 g6 3. Bg2 Bg7 4. O-O O-O 5. c4 d6 6. Nc3 e5 7. d3 Nc6 8. Rb1 a5
9. a3 Re8 10. Bg5 h6 11. Bxf6 Bxf6 12. b4 axb4 13. axb4 Bg7 14. b5 Ne7 15. Nd2
e4 16. Qc1 exd3 17. exd3 c6 18. Re1 Bf5 19. Be4 Be6 20. Nf1 d5 21. Bg2 dxc4 22.
dxc4 Bxc4 23. Ne3 Be6 24. Rd1 Qa5 25. Ne4 Nd5 26. Nd6 Nc3 27. Qc2 Re7 28. Nec4
Qa4 29. Qxa4 Rxa4 30. Nb6 Rd4 31. Nbc8 Bxc8 32. Nxc8 Rc7 33. bxc6 bxc6 34. Rxd4
Bxd4 35. Rb8 Kg7 36. Nd6 Ra7 37. Bxc6 Ra2 38. Ne8+ Kh7 39. Rd8 Bxf2+ 40. Kf1 h5
41. Rd3 Rc2 42. Rf3 Bd4 43. Rxf7+ Kh6 44. Nf6 Rf2+ 45. Ke1 Rxf6 46. Rc7 Rf2 47.
h4 Re2+ 48. Kf1 Rf2+ 49. Ke1 Rb2 50. Bf3 Rb6 51. g4 hxg4 52. Bxg4 Be5 53. Rc5
Bg3+ 54. Kf1 Ne4 55. Rc8 Bxh4 56. Kg2 Kg5 57. Bf3 Rb2+ 58. Kh3 Nf2+ 59. Kg2 Ng4+
60. Kh1 Ne3 61. Rf8 Bg3 0-1

[Event "ch-RUS Rapid 2017"]
[Site "Sochi RUS"]
[Date "2017.10.01"]
[Round "8.1"]
[White "Tomashevsky, Evgeny"]
[Black "Jakovenko, Dmitry"]
[Result "1/2-1/2"]
[WhiteTitle "GM"]
[BlackTitle "GM"]
[WhiteElo "2710"]
[BlackElo "2710"]
[WhiteFideId "4147235"]
[BlackFideId "4122356"]
[EventDate "2017.09.30"]

1. d4 Nf6 2. Nf3 e6 3. e3 b6 4. Bd3 Bb7 5. O-O d5 6. Nbd2 Nbd7 7. c4 Bd6 8. Qe2
Ne4 9. cxd5 exd5 10. Ba6 Qc8 11. Bxb7 Qxb7 12. b3 O-O 13. Bb2 Rae8 14. Rac1 Re6
15. Rc2 Nxd2 16. Qxd2 a5 17. Qc1 a4 18. Ba3 c5 1/2-1/2

[Event "ch-RUS Rapid 2017"]
[Site "Sochi RUS"]
[Date "2017.10.01"]
[Round "8.2"]
[White "Inarkiev, Ernesto"]
[Black "Andreikin, Dmitry"]
[Result "1/2-1/2"]
[WhiteTitle "GM"]
[BlackTitle "GM"]
[WhiteElo "2694"]
[BlackElo "2708"]
[WhiteFideId "4162722"]
[BlackFideId "4158814"]
[EventDate "2017.09.30"]

1. e4 e5 2. Nf3 Nc6 3. Bc4 Nf6 4. d3 Bc5 5. O-O d6 6. c3 a5 7. Re1 h6 8. Nbd2
O-O 9. Nf1 Bb6 10. Ng3 Be6 11. Bb5 Ne7 12. d4 Ng6 13. h3 exd4 14. Nxd4 Bd7 15.
Bd3 Re8 16. Nf3 a4 17. Be3 Bxe3 18. Rxe3 Ra5 19. Re1 Nh5 20. Nf5 Nhf4 21. Bc2
Qf6 22. Qd2 Bc6 23. Rad1 Rc5 24. Re3 Kh8 25. Rde1 Ne5 26. Nxe5 Rcxe5 27. f3 Bd7
28. Kh2 a3 29. b3 Bxf5 30. exf5 Rxe3 31. Rxe3 Rxe3 32. Qxe3 Nd5 33. Qe8+ Kh7 34.
b4 Nxc3 35. f4 d5 36. g4 Ne4 37. Bxe4 dxe4 38. Qxe4 Qb2+ 39. Kg3 Qxa2 40. g5
hxg5 41. fxg5 Qb3+ 42. Kh4 a2 43. Qe8 a1=Q 44. g6+ fxg6 45. Qxg6+ Kh8 46. Qh5+
Kg8 47. Qe8+ 1/2-1/2

[Event "ch-RUS Rapid 2017"]
[Site "Sochi RUS"]
[Date "2017.10.01"]
[Round "8.3"]
[White "Fedoseev, Vladimir3"]
[Black "Rublevsky, Sergei"]
[Result "1/2-1/2"]
[WhiteTitle "GM"]
[BlackTitle "GM"]
[WhiteElo "2731"]
[BlackElo "2683"]
[WhiteFideId "24130737"]
[BlackFideId "4115309"]
[EventDate "2017.09.30"]

1. e4 c5 2. Nf3 e6 3. d4 cxd4 4. Nxd4 Nc6 5. Nc3 a6 6. Nxc6 bxc6 7. Qd3 Qc7 8.
Qg3 Qxg3 9. hxg3 Rb8 10. b3 Bb4 11. Bd2 d5 12. Bd3 Nf6 13. f3 h6 14. a3 Bd6 15.
g4 O-O 16. Kf2 Be5 17. Rae1 Rd8 18. g3 Bb7 19. Kg2 Bxc3 20. Bxc3 dxe4 21. Bxf6
exf3+ 22. Kf2 gxf6 23. Rxh6 Kg7 24. Rh7+ Kf8 25. Kxf3 c5+ 26. Ke3 Ke7 27. g5
fxg5 28. Rf1 Rf8 29. Bg6 Kd6 30. Rfxf7 Bd5 31. Kd2 Rxf7 32. Rxf7 Rh8 33. c4 Bc6
34. Ra7 Rh2+ 35. Kd1 Rh1+ 36. Kc2 Rh2+ 37. Kc3 Rg2 38. Rxa6 Rxg3+ 39. Kd2 Kc7
40. b4 Bb7 41. Rxe6 Rxa3 42. b5 g4 43. b6+ Kd8 44. Re8+ Kd7 45. Rg8 Kc6 46. Be4+
Kxb6 47. Bxb7 1/2-1/2

[Event "ch-RUS Rapid 2017"]
[Site "Sochi RUS"]
[Date "2017.10.01"]
[Round "8.4"]
[White "Alekseev, Evgeny"]
[Black "Sakaev, Konstantin"]
[Result "1/2-1/2"]
[WhiteTitle "GM"]
[BlackTitle "GM"]
[WhiteElo "2622"]
[BlackElo "2594"]
[WhiteFideId "4138147"]
[BlackFideId "4104226"]
[EventDate "2017.09.30"]

1. d4 Nf6 2. Bf4 e6 3. e3 c5 4. c3 Nc6 5. Nd2 d5 6. Bd3 Bd6 7. Bxd6 Qxd6 8. f4
cxd4 9. cxd4 O-O 10. Ngf3 Bd7 11. a3 Rfc8 12. Ne5 Ne7 13. g4 Be8 14. O-O Qb6 1/2-1/2

[Event "ch-RUS Rapid 2017"]
[Site "Sochi RUS"]
[Date "2017.10.01"]
[Round "8.5"]
[White "Timofeev, Artyom"]
[Black "Savchenko, Boris"]
[Result "1-0"]
[WhiteTitle "GM"]
[BlackTitle "GM"]
[WhiteElo "2549"]
[BlackElo "2581"]
[WhiteFideId "4140419"]
[BlackFideId "4147332"]
[EventDate "2017.09.30"]

1. c4 e5 2. d3 Nf6 3. Nf3 Nc6 4. Bg5 h6 5. Bxf6 Qxf6 6. Nc3 g6 7. g3 Bg7 8. Bg2
O-O 9. O-O a6 10. Rb1 Rb8 11. b4 b5 12. Nd5 Qd8 13. Nd2 Ne7 14. a4 Nxd5 15. cxd5
bxa4 16. Qxa4 Rb5 17. Nc4 Bb7 18. Na3 Rxd5 19. Bxd5 Bxd5 20. Qxa6 e4 21. Qa5 Bb7
22. dxe4 Bxe4 23. Rbc1 c6 24. Qxd8 Rxd8 25. b5 Bb2 26. Rc4 Bd5 27. Ra4 Rb8 28.
bxc6 Bxc6 29. Ra6 Kg7 30. Nc4 Bd4 31. Ra2 Rb4 32. Rc1 Bb5 33. Nd6 Bc6 34. Rd2
Be5 35. Nc4 Bc3 36. Rd3 Bf6 37. Na5 Bb5 38. Rb3 Rxb3 39. Nxb3 Bxe2 40. Rc7 d5
41. Nc5 Be5 42. Rd7 Bc4 43. Nb7 d4 44. Nc5 g5 45. f3 Kg6 46. Kf2 h5 47. f4 gxf4
48. gxf4 Bf6 49. Kf3 Bf1 50. Rd6 Kg7 51. Ne4 Be7 52. Rxd4 Bh3 53. Ra4 Bg4+ 54.
Ke3 Bd8 55. Ra6 Be7 56. Ra7 Bd8 57. Rb7 Kg6 58. Nd6 Be6 59. Ke4 f5+ 60. Ke5 Bg8
61. Nxf5 Bf6+ 62. Ke4 Bh7 63. Ne3 Bg8 64. Nd5 1-0

[Event "ch-RUS Rapid 2017"]
[Site "Sochi RUS"]
[Date "2017.10.01"]
[Round "8.6"]
[White "Khismatullin, Denis"]
[Black "Motylev, Alexander"]
[Result "1/2-1/2"]
[WhiteTitle "GM"]
[BlackTitle "GM"]
[WhiteElo "2628"]
[BlackElo "2668"]
[WhiteFideId "4142578"]
[BlackFideId "4121830"]
[EventDate "2017.09.30"]

1. c4 c6 2. Nf3 d5 3. e3 Nf6 4. Nc3 e6 5. b3 Bd6 6. Bb2 O-O 7. Qc2 e5 8. Be2 Re8
9. cxd5 cxd5 10. Nb5 Nc6 11. Nxd6 Qxd6 12. d4 Nb4 13. Qd1 e4 14. Ne5 Bf5 15. O-O
Nd3 16. Qd2 Rac8 17. h3 Nxb2 18. Qxb2 Nd7 1/2-1/2

[Event "ch-RUS Rapid 2017"]
[Site "Sochi RUS"]
[Date "2017.10.01"]
[Round "8.7"]
[White "Rakhmanov, Aleksandr"]
[Black "Potkin, Vladimir"]
[Result "1/2-1/2"]
[WhiteTitle "GM"]
[BlackTitle "GM"]
[WhiteElo "2669"]
[BlackElo "2574"]
[WhiteFideId "4173708"]
[BlackFideId "4131061"]
[EventDate "2017.09.30"]

1. c4 e6 2. e4 d5 3. exd5 exd5 4. d4 Nf6 5. Nc3 Bb4 6. Bd3 dxc4 7. Bxc4 O-O 8.
Ne2 Nc6 9. a3 Bd6 10. f3 Re8 11. Bg5 h6 12. Bh4 Nxd4 13. Qxd4 Bg3+ 14. Kf1 Qxd4
15. Nxd4 Bxh4 16. g3 Bh3+ 17. Kg1 Rad8 18. Nde2 Bg5 19. f4 Rd2 20. fxg5 hxg5 21.
Kf2 Ng4+ 22. Ke1 Rxb2 23. Ra2 Rb6 24. Kd2 Ne5 25. Bd5 Rd8 26. Kc2 c6 27. Be4 f5
28. Ng1 Bg4 29. h3 fxe4 30. hxg4 e3 31. Rh2 Nxg4 32. Re2 Rf8 33. Nh3 Rf5 34. Ne4
a5 35. Rb2 Rxb2+ 36. Kxb2 a4 37. Nhxg5 Rb5+ 38. Ka2 Re5 39. Kb2 b5 40. Kc3 c5
41. Kd3 b4 42. Nf3 Rf5 43. Neg5 b3 44. Kc4 Kf8 45. Kb5 c4+ 46. Kxc4 Rf6 47. Nd4
Rb6 48. Rb2 Ke7 49. Ngf3 Kf6 50. Kd3 Rd6 51. Kc4 Ne5+ 52. Kc3 Nxf3 53. Nxf3 Kf5
54. Re2 Ke4 55. Ng5+ Kf5 56. Nf3 Ke4 57. Ng5+ Kf5 58. Nf3 Ke4 59. Ng5+ Kf5 1/2-1/2

[Event "ch-RUS Rapid 2017"]
[Site "Sochi RUS"]
[Date "2017.10.01"]
[Round "8.8"]
[White "Demidov, Mikhail"]
[Black "Sjugirov, Sanan"]
[Result "1/2-1/2"]
[WhiteTitle "IM"]
[BlackTitle "GM"]
[WhiteElo "2521"]
[BlackElo "2650"]
[WhiteFideId "4197143"]
[BlackFideId "4189302"]
[EventDate "2017.09.30"]

1. Nf3 d5 2. d4 Nf6 3. Bf4 g6 4. h3 Bg7 5. e3 O-O 6. Be2 c5 7. c3 Nc6 8. O-O Qb6
9. Qb3 c4 10. Qa3 Bf5 11. b3 cxb3 12. axb3 a5 13. Nbd2 Rfc8 14. Rfc1 h6 15. Bh2
Bf8 16. Qa4 Bd7 17. Bb5 e6 18. c4 Bb4 19. Qa2 Ne7 20. Ba4 Bxa4 21. bxa4 Qa6 22.
Bf4 dxc4 23. Rxc4 Rxc4 24. Nxc4 Rc8 25. Nce5 Kg7 26. Ng4 Nxg4 27. hxg4 Nd5 28.
Be5+ f6 29. Bg3 Nc3 30. Qb3 Qc4 31. Qxc4 Rxc4 32. Kf1 Ne4 33. Ne1 Bc3 34. Ra3
Bb4 35. Ra1 Rc3 36. Ke2 Rb3 37. Nd3 g5 38. Bb8 Nc3+ 39. Kd2 Ne4+ 40. Ke2 Nc3+
41. Kd2 Ne4+ 42. Ke2 Kf7 43. f3 Nc3+ 44. Kd2 Nb1+ 45. Ke2 Bc3 46. Ra2 Bxd4 47.
Rc2 Bb6 48. Bc7 Rc3 49. Rb2 Bxc7 50. Rxb1 b6 51. Rc1 Rxc1 52. Nxc1 f5 53. Kd3
Bd6 54. Kc4 Bc5 55. e4 fxe4 56. fxe4 Be3 57. Nd3 Kg6 58. Ne5+ Kf6 59. Nd3 h5 60.
gxh5 g4 61. Kb5 Kg5 62. Ne5 Kxh5 63. Nc4 Bf2 64. Nxb6 Kh4 65. Kxa5 Kg3 66. Kb5
Be1 67. a5 Bxa5 68. Kxa5 Kxg2 69. Nc4 Kf2 70. Ne5 g3 71. Nd3+ Ke2 72. Nf4+ Ke3
73. Nh3 Kxe4 74. Kb4 Kd4 75. Kb3 Ke3 76. Kc2 g2 77. Kd1 e5 78. Ke1 Kf3 79. Ng1+
Kg3 80. Ne2+ Kf3 81. Ng1+ Ke3 1/2-1/2

[Event "ch-RUS Rapid 2017"]
[Site "Sochi RUS"]
[Date "2017.10.01"]
[Round "8.10"]
[White "Popov, Ivan RUS"]
[Black "Kryakvin, Dmitry"]
[Result "1-0"]
[WhiteTitle "GM"]
[BlackTitle "GM"]
[WhiteElo "2599"]
[BlackElo "2583"]
[WhiteFideId "4170350"]
[BlackFideId "4153278"]
[EventDate "2017.09.30"]

1. e4 c5 2. Nf3 Nc6 3. Bb5 e6 4. Bxc6 bxc6 5. b3 d6 6. e5 dxe5 7. Nxe5 Qd5 8.
Nf3 Qe4+ 9. Kf1 e5 10. d3 Qg4 11. Nbd2 f6 12. Ne4 Be6 13. Qe2 Rd8 14. Be3 Bd5
15. h3 Qg6 16. Nxc5 Nh6 17. Nh4 Qf7 18. c4 Bxc5 19. Bxc5 Be6 20. Rd1 g5 21. Nf3
Qg6 22. d4 e4 23. Re1 f5 24. Ne5 Qf6 25. Nxc6 Bxc4 26. bxc4 Qxc6 27. f3 Kd7 28.
fxe4 Rhe8 29. e5 Nf7 30. Qf2 f4 31. Kg1 Qg6 32. Qf3 Qc6 33. e6+ Kc7 34. Qxc6+
Kxc6 35. exf7 Rxe1+ 36. Kh2 Re4 37. Rd1 f3 38. f8=Q Rxf8 39. Bxf8 f2 40. d5+ Kd7
41. Rf1 1-0

[Event "ch-RUS Rapid 2017"]
[Site "Sochi RUS"]
[Date "2017.10.01"]
[Round "8.11"]
[White "Grachev, Boris"]
[Black "Sharafiev, Azat"]
[Result "1-0"]
[WhiteTitle "GM"]
[BlackTitle "IM"]
[WhiteElo "2654"]
[BlackElo "2433"]
[WhiteFideId "4129199"]
[BlackFideId "4186214"]
[EventDate "2017.09.30"]

1. d4 Nf6 2. c4 e6 3. Nc3 d5 4. cxd5 exd5 5. Bg5 c6 6. e3 Be7 7. Bd3 Nbd7 8. Nf3
O-O 9. Qc2 Re8 10. O-O Nf8 11. Rae1 Ng6 12. Ne5 Ng4 13. Bxe7 Qxe7 14. f4 N4xe5
15. dxe5 Nf8 16. Qf2 Bd7 17. e4 dxe4 18. Nxe4 Bf5 19. Nf6+ gxf6 20. Bxf5 fxe5
21. fxe5 Ng6 22. e6 f6 23. Bxg6 hxg6 24. Qxf6 Qxf6 25. Rxf6 Re7 26. Rxg6+ Kh7
27. Rg4 Rae8 28. Rge4 Rd8 29. R1e3 Kg6 30. Rf3 Rd1+ 31. Kf2 Rd2+ 32. Kg3 Rxb2
33. Rg4+ Kh6 34. Rf6+ Kh5 35. Rgg6 Rh7 36. h4 Rb5 37. Kh3 1-0

[Event "ch-RUS Rapid 2017"]
[Site "Sochi RUS"]
[Date "2017.10.01"]
[Round "8.12"]
[White "Potapov, Pavel"]
[Black "Bocharov, Dmitry"]
[Result "1/2-1/2"]
[WhiteTitle "GM"]
[BlackTitle "GM"]
[WhiteElo "2479"]
[BlackElo "2585"]
[WhiteFideId "4169786"]
[BlackFideId "4138716"]
[EventDate "2017.09.30"]

1. e4 g6 2. d4 Bg7 3. Nf3 d6 4. Bc4 Nf6 5. Qe2 O-O 6. O-O Nc6 7. c3 e5 8. dxe5
dxe5 9. Na3 Nh5 10. Bg5 Bf6 11. Bh6 Re8 12. Qe3 Qe7 13. Rad1 Be6 14. Bd5 Nd8 15.
Ng5 Bxg5 16. Bxg5 f6 17. Bh4 Bxd5 18. exd5 Nf7 19. Nc4 Nd6 20. Nxd6 cxd6 21. f3
g5 22. Bf2 f5 23. c4 b6 24. b4 Rac8 25. Rc1 Nf4 26. g3 Nh3+ 27. Kg2 f4 28. Qe4
g4 29. fxg4 Ng5 30. Qc2 f3+ 31. Kh1 e4 32. Be3 Nf7 33. Bf4 Qf6 34. Rfe1 Qg6 35.
h3 Re7 36. Re3 h5 37. Rxf3 hxg4 38. Re3 gxh3 39. Rce1 Rce8 40. c5 bxc5 41. bxc5
dxc5 42. Qxc5 Qf5 43. Qc4 Rc8 44. Qd4 Rd8 45. Rxe4 Rxd5 46. Qe3 Red7 47. Re8+
Kh7 48. Qe4 Qxe4+ 49. R8xe4 Ng5 50. Bxg5 Rxg5 51. Re7+ Rxe7 52. Rxe7+ Kg6 53.
Kh2 Ra5 54. Re2 Ra3 55. Kxh3 Kg5 56. Rd2 a5 57. Rc2 Kh5 58. Rd2 1/2-1/2

[Event "ch-RUS Rapid 2017"]
[Site "Sochi RUS"]
[Date "2017.10.01"]
[Round "8.13"]
[White "Belyakov, Bogdan"]
[Black "Kobalia, Mikhail"]
[Result "1/2-1/2"]
[WhiteTitle "IM"]
[BlackTitle "GM"]
[WhiteElo "2486"]
[BlackElo "2596"]
[WhiteFideId "24104795"]
[BlackFideId "4119150"]
[EventDate "2017.09.30"]

1. e4 c5 2. c3 Nf6 3. e5 Nd5 4. Nf3 e6 5. Bc4 d6 6. d4 cxd4 7. cxd4 Nb6 8. Bd3
Nc6 9. exd6 Qxd6 10. O-O Be7 11. Nc3 O-O 12. Re1 Rd8 13. Ne4 Qc7 14. Bg5 h6 15.
Be3 Nd5 16. Rc1 Qb6 17. Qe2 Nxe3 18. fxe3 e5 19. Nxe5 Nxe5 20. dxe5 Qa5 21. Nd6
Bxd6 22. exd6 Rxd6 23. Bc4 Be6 24. Red1 Rxd1+ 25. Rxd1 Re8 26. Bxe6 Rxe6 27. a3
Qb6 28. Rd3 Rc6 29. Qd2 Rc8 30. Rd7 Re8 31. Rd3 f5 32. Rd4 Qb3 33. Rd3 Qe6 34.
h3 Kh7 35. Qf2 Qe4 36. Rd7 Re6 37. Rf7 Kg6 38. Rd7 Kh7 39. Rf7 Kg6 40. Rd7 Kh7 1/2-1/2

[Event "ch-RUS Rapid 2017"]
[Site "Sochi RUS"]
[Date "2017.10.01"]
[Round "8.14"]
[White "Rozum, Ivan"]
[Black "Kozak, Alexander"]
[Result "1-0"]
[WhiteTitle "GM"]
[BlackTitle "FM"]
[WhiteElo "2590"]
[BlackElo "2315"]
[WhiteFideId "24104272"]
[BlackFideId "4135881"]
[EventDate "2017.09.30"]

1. d4 d5 2. Nf3 e6 3. c4 c6 4. Nbd2 f5 5. g3 Nf6 6. Bg2 Bd6 7. O-O Nbd7 8. Ne1
O-O 9. Nd3 Qe8 10. Nf3 Ne4 11. Qc2 a5 12. Bf4 Be7 13. b3 g5 14. Bc1 Qh5 15. Nfe5
Ndf6 16. f3 Nd6 17. c5 Nf7 18. Nxf7 Rxf7 19. Ne5 Rf8 20. Bd2 Nd7 21. Nd3 Bf6 22.
Bc3 Qg6 23. Rae1 Qg7 24. Qb2 a4 25. b4 a3 26. Qa1 b6 27. cxb6 Nxb6 28. Nc5 Nc4
29. e4 f4 30. Bh3 Ne3 31. Bxe6+ Kh8 32. Rf2 dxe4 33. Bxc8 Raxc8 34. Ne6 Qf7 35.
Nxf8 exf3 36. Rxf3 Qd5 37. Rexe3 fxe3 38. Rxf6 Kg7 39. Qf1 e2 40. Ne6+ Qxe6 41.
Rxe6 1-0